00976nam a2200205Ia 4500003000900000008004100009020001800050040001600068080002100084111014700105245028800252260005800540300002300598650001700621650004100638650001900679700002200698700002600720700002400746IN-BaIIA211028s9999 xx 000 0 eng d a0-937707-63-5 cIIA Library a082.2:52bASP-44 aInternational Astronomical Union Colloquium, no. 138, on Peculiar Versus normal Phenomena in A-Type and Related Starsn138cTriested1992 July 0aPeculiar versus normal phenomena in A-Type and Related Starsbproceedings of International Astronomical Union colloquium, no. 138, on peculiar versus normal phenomena in A-Type and Related Stars, held in Trieste, Italy, July 1992cedited by M. Dworetsky, F. Castelli, R. Faraggiana aCaliforniabAstronomical Society of the Pacificc1993 a[various pagings.] aA-Type Stars aAstronomy and Astrophysics thesaurus aPeculiar Stars aCastelli, E., ed. aDworetsky, M. M., ed. aFaraggiana, R., ed.